| 000 | 00408nam a2200157Ia 4500 | ||
|---|---|---|---|
| 008 | 230312s9999||||xx |||||||||||||| ||und|| | ||
| 020 | _a0-7506-3849-4 | ||
| 082 |
_a658.4012 _bHUS |
||
| 100 | _aDavid Hussey | ||
| 245 | 0 | _aStrategic Management | |
| 260 |
_bButterworth Heinemann _aGB _c1998 |
||
| 300 | _a704 | ||
| 546 | _aEng. | ||
| 650 |
_aManagement _vConcept and Need, Changing Environment |
||
| 942 | _cBK | ||
| 999 |
_c663 _d663 |
||